01192nab a22002537a 4500999001500000003000400015005001700019008004100036040000700077100002800084245015600112260007300268300001500341500002800356505016000384505008200544650002300626650004600649650001900695650002300714650003300737773015500770942001300925 c5548d5548OSt20251215162026.0190429b xxu||||| |||| 00| 0 spa d cPJ 96526aAboso, Gustavo E.10aDelito de contacto telemático con menores de edad con fines sexuales (child grooming). Apuntes para una necesaria reforma penal /cGustavo E. Aboso. cCiudad Autónoma de Buenos Aires :aThomson Reuters La Ley, b2025. ap. 151-180 aCita: AR/DOC/2226/2023. aSumario: I. Introducción.— II. El delito de contacto telemático con menores de edad con fin predominantemente sexual.— III. Propuesta de reforma.  tSi te interesa el texto completo, solicitalo a koha@justierradelfuego.gov.ar  09343aDERECHO PENAL 092902aDELITOS CONTRA LA INTEGRIDAD SEXUAL 094857aGROOMING 092903aABUSO SEXUAL 096081aCIENCIA Y TECNOLOGÍA0 0265893164tRevista de derecho penal y criminología. Nº 3 - Abril 2024dCiudad Autónoma de Buenos Aires : Thomson Reuters La Ley, 2017-x00347914 2udccANA